000 00528nam a2200217Ia 4500
001 6813
005 20240113233942.0
007 ta
008 050702s a g b000 u urd u
040 _aCotton College Assam
041 _aurd
082 _a891.553
_bZa 13 Ek
100 _aZahir, A .
245 0 _aEk Muhazir /
_cA.Zahir.
_hTextual Documents
260 _aSl :
_bSn ,
_cNd.
300 _a127p. :
_bill. ;
_c18cm. .
653 _aUrdu Novel
942 _2ddc
_cBK
999 _c6800
_d6800